| 000 | 00526nam a2200169 i 4500 | ||
|---|---|---|---|
| 001 | 41669 | ||
| 003 | ES-MaACL | ||
| 005 | 20251206063029.0 | ||
| 007 | t| | ||
| 008 | 030311q1906 sp ||||1| spa d | ||
| 100 | 0 |
_aCasso y Romero, Ignacio de _936371 |
|
| 245 | 1 | 3 |
_aEl contrato de cuenta corriente / _cIgnacio de Casso y Romero. |
| 260 |
_aSevilla : _b[s.n., _c1916?] ( _fOficina Tipográfica de "El Correo de AndalucĂa") |
||
| 502 | _aTesis doctoral. | ||
| 852 |
_aES-MaACL _jT-1309-F-1 |
||
| 999 |
_c41669 _d41669 |
||